[Event "7th LCT 2013"]
[Site "Leiden NED"]
[Date "2013.07.15"]
[Round "4.7"]
[White "Van den Doel,E"]
[Black "Blom,V"]
[Result "1-0"]
[WhiteElo "2582"]
[BlackElo "2167"]

1.e4 c5 2.Nf3 d6 3.Bb5+ Bd7 4.c4 Nf6 5.Nc3 g6 6.d4 cxd4 7.Nxd4 Bg7 8.Be3 O-O
9.f3 Nc6 10.O-O a6 11.Bxc6 bxc6 12.Qd2 Qc7 13.Kh1 e5 14.Nde2 Be6 15.b3 Rfd8
16.Bg5 h6 17.Bxf6 Bxf6 18.Qxh6 Qe7 19.Qd2 Kg7 20.Rad1 Bg5 21.f4 exf4 22.Nxf4 Bg4
23.Rde1 Rh8 24.Qe3 Rh4 25.g3 Rh7 26.Nb1 Re8 27.Nd2 Bc8 28.Rf2 Kg8 29.Nf3 Bh6
30.Qb6 Bxf4 31.gxf4 c5 32.Rd2 Bb7 33.Qxd6 Qxd6 34.Rxd6 Bxe4 35.Kg1 f5 36.Rxg6+ Kf7
37.Rg3 Kf6 38.Ne5 Rh4 39.Rg6+ Ke7 40.Rd1 Rd8 41.Rxd8 Kxd8 42.Rxa6 Rxf4 43.Ra5 Bb1
44.Rxc5 Bxa2 45.b4 Rh4 46.b5 Rh7 47.b6 Bb1 48.Ra5 Be4 49.c5 Kc8 50.c6 Rh6
51.Ra8+  1-0

[Event "43rd Nat Jun ch-IND U19"]
[Site "Lucknow IND"]
[Date "2013.07.15"]
[Round "8.4"]
[White "Prasanna,Ra"]
[Black "Gajwa,A"]
[Result "1-0"]
[WhiteElo "2396"]
[BlackElo "2112"]

1.e4 c5 2.Nf3 d6 3.Bb5+ Nd7 4.d4 Nf6 5.Nc3 cxd4 6.Qxd4 e5 7.Qd3 h6 8.O-O Be7
9.Be3 a6 10.Bxd7+ Bxd7 11.a4 O-O 12.a5 Be6 13.Na4 Nd7 14.c4 f5 15.exf5 Rxf5
16.Nd2 Rc8 17.b3 Rf8 18.Ne4 Nf6 19.Nxf6+ Rxf6 20.Nb6 Rc6 21.Nd5 Bxd5 22.Qxd5+ Kh8
23.Rac1 Qc8 24.b4 Qe6 25.b5 Qxd5 26.cxd5 Rxc1 27.Rxc1 axb5 28.Rc7 Bd8 29.Rc8 Rf8
30.Bb6 Be7 31.Rc7 b4 32.Rxe7 Rc8 33.Be3 Rc2 34.Rxb7 Ra2 35.Kf1 Rxa5 36.Rxb4 Rxd5
37.Ke2 Ra5 38.f4 Kh7 39.fxe5  1-0

[Event "Lueneburg Open 2013"]
[Site "Lueneburg GER"]
[Date "2013.07.15"]
[Round "1.10"]
[White "Levink,Clemens"]
[Black "Bitan,B"]
[Result "0-1"]
[WhiteElo "1839"]
[BlackElo "2295"]

1.e4 c5 2.Nf3 d6 3.Bb5+ Nd7 4.c3 a6 5.Ba4 Nf6 6.Qe2 b5 7.Bc2 Bb7 8.d4 e6
9.O-O Be7 10.Rd1 Qc7 11.Bd3 O-O 12.Nbd2 e5 13.b3 Rfe8 14.dxe5 dxe5 15.Bc2 Nf8
16.c4 Ne6 17.Nf1 Bf8 18.Ng3 g6 19.Rb1 Bg7 20.Bb2 Nd4 21.Nxd4 exd4 22.f3 h5
23.Bd3 h4 24.Nh1 bxc4 25.bxc4 Nh5 26.Bc1 Be5 27.h3 Bh2+ 28.Kf1 f5 29.Qc2 fxe4
30.Rxb7 exd3 31.Qb1 Qe5 32.Qxd3 Re6 33.Bd2 Rae8 34.Rbb1 Bf4 35.Re1 Be3 36.Re2 Qh2
37.Bxe3 dxe3  0-1

[Event "50th Canadian Open 2013"]
[Site "Ottawa CAN"]
[Date "2013.07.15"]
[Round "4"]
[White "Hansen,Eric"]
[Black "Vera Gonzalez Quevedo,R"]
[Result "1-0"]
[WhiteElo "2581"]
[BlackElo "2462"]

1.e4 c5 2.Nf3 d6 3.Bb5+ Bd7 4.Bxd7+ Qxd7 5.c4 Nf6 6.Nc3 g6 7.d4 cxd4 8.Nxd4 Bg7
9.f3 O-O 10.Be3 Nc6 11.O-O e6 12.Rc1 Rfd8 13.Kh1 Ne5 14.Qe2 d5 15.cxd5 exd5
16.f4 Nc6 17.e5 Ng4 18.Nxc6 bxc6 19.Bg1 Re8 20.Na4 h5 21.Qa6 Rec8 22.Nc5 Qe7
23.Nb3 c5 24.Rxc5 Rxc5 25.Bxc5 Qd7 26.Bg1 Rc8 27.Nc5 Qe8 28.Qd3 Bf8 29.Nb3 Qa4
30.Qxd5 Qa6 31.Rd1 Rc2 32.Rd2 Rc4 33.h3 Nh6 34.Nd4 Rc1 35.Kh2 Qf1 36.Nf3 Bc5
37.Qd8+ Kh7 38.Ng5+ Kg7 39.Ne6+ fxe6 40.Qf6+  1-0

[Event "FSFMA July 2013"]
[Site "Budapest HUN"]
[Date "2013.07.16"]
[Round "11.6"]
[White "Mayer,I"]
[Black "Laza,S"]
[Result "0-1"]
[WhiteElo "2050"]
[BlackElo "1968"]

1.e4 c5 2.Nf3 d6 3.Bb5+ Bd7 4.a4 Nc6 5.O-O Nf6 6.Re1 e6 7.c3 Be7 8.d4 cxd4
9.cxd4 O-O 10.Nc3 Rc8 11.d5 Nb4 12.dxe6 Bxe6 13.Nd4 a6 14.Be2 Qd7 15.Bg5 h6
16.Bxf6 Bxf6 17.Nd5 Bxd4 18.Nxb4 Bxb2 19.Rb1 Bc3 20.Rf1 Bxb4 21.Rxb4 Rc7
22.Rd4 Qc6 23.f4 Qc5 24.Kh1 Qc2 25.Rxd6 Qxe4 26.f5 Bc4 27.Bxc4 Rxc4 28.f6 Rxa4
29.Rd8 gxf6 30.Rxf8+ Kxf8 31.Qd8+ Qe8 32.Qxf6 Re4 33.Qxh6+ Kg8 34.Qg5+ Kh7
35.Qh5+ Kg7 36.Qg5+ Kf8 37.Qh6+ Ke7 38.h3 Re6 39.Qf4 Kf8 40.Qd4 Kg8 41.Rf3 Rg6
42.h4 Qe1+ 43.Kh2 Qe2 44.Rf2 Qg4 45.Qd8+ Kg7 46.Kg1 Rh6 47.Qe7 Qd1+ 48.Kh2 Qd6+  0-1

[Event "28th Gniot Mem 2013"]
[Site "Police POL"]
[Date "2013.07.16"]
[Round "7.9"]
[White "Szyszylo,R"]
[Black "Perske,Thore"]
[Result "1-0"]
[WhiteElo "2201"]
[BlackElo "2158"]

1.e4 c5 2.Nf3 d6 3.Bb5+ Nd7 4.d4 cxd4 5.Qxd4 e5 6.Qd3 a6 7.Bxd7+ Bxd7 8.O-O h6
9.Be3 Nf6 10.c4 Be7 11.Nc3 O-O 12.a4 Rc8 13.a5 Be6 14.Nd2 Qd7 15.f3 Qc6 16.b3 Nd7
17.Nd5 Bxd5 18.exd5 Qc7 19.b4 f5 20.Rac1 Bg5 21.Bxg5 hxg5 22.Qe3 f4 23.Qd3 Nf6
24.c5 dxc5 25.Rxc5 Qd7 26.Ne4 Nxe4 27.Qxe4 Qd6 28.Qc4 Rcd8 29.h3 Rf7 30.Re1 Rfd7
31.Kh2 Kf7 32.Qe4 Kf6 33.Rec1 Kf7 34.Re1 Kf6 35.Rec1 Kf7 36.Qc4 g6 37.Kh1 Ke7
38.Qe4 Kf7 39.Re1 Re7 40.Rec1 Red7 41.b5 axb5 42.Rxb5 Qa3 43.Re1 Re7 44.Rb6 Rd6
45.Reb1 Red7 46.Qxe5 Qd3 47.Re1 Rxd5 48.Qe8+ Kg7 49.Ree6 Rf7 50.Rxg6+ Qxg6
51.Rxg6+ Kxg6 52.Qe6+ Rf6 53.Qxd5 Rf7 54.Qe6+ Kg7 55.Kh2 Rf6 56.Qe5 Kg6 57.Qe4+  1-0

[Event "17th Battle of Senta"]
[Site "Senta SRB"]
[Date "2013.07.16"]
[Round "5.2"]
[White "Stankovic,Milo"]
[Black "Kosanovic,G"]
[Result "0-1"]
[WhiteElo "2396"]
[BlackElo "2372"]

1.e4 c5 2.Nf3 d6 3.Bb5+ Bd7 4.Bxd7+ Qxd7 5.O-O Nc6 6.Qe2 Nf6 7.Rd1 e6 8.d4 cxd4
9.Nxd4 Be7 10.c4 O-O 11.Nc3 Nxd4 12.Rxd4 Qc6 13.b3 Rfd8 14.Bb2 a6 15.Kh1 Rab8
16.f4 b5 17.e5 Ne8 18.Rad1 bxc4 19.Rxc4 Qb7 20.f5 dxe5 21.fxe6 Rxd1+ 22.Nxd1 f6
23.Ne3 Nd6 24.Ra4 Qc8 25.Rxa6 Qxe6 26.Ba3 Rd8 27.Qd3 e4 28.Qd4 Qc8 29.Ra5 Nf5
30.Nd5 Bxa3 31.g4 Nxd4  0-1

[Event "Czech Open G1 Rapid 2013"]
[Site "Pardubice CZE"]
[Date "2013.07.17"]
[Round "2.61"]
[White "Cerveny,P"]
[Black "Yakovlev,Egor"]
[Result "1-0"]
[WhiteElo "2285"]
[BlackElo "1985"]

1.e4 c5 2.Nf3 d6 3.Bb5+ Bd7 4.Bxd7+ Qxd7 5.O-O Nc6 6.Qe2 g6 7.c3 Bg7 8.Rd1 Rc8
9.h3 Nf6 10.d4 cxd4 11.cxd4 d5 12.e5 Ne4 13.Nbd2 Nxd2 14.Bxd2 O-O 15.Rac1 e6
16.Rc2 f6 17.exf6 Bxf6 18.Bh6 Rfe8 19.Qd2 Ne7 20.Rxc8 Rxc8 21.Bg5 Bg7 22.Bxe7 Qxe7
23.Rc1 Rc6 24.Rxc6 bxc6 25.Qa5 Bf6 26.Qa6 Qc7 27.g3 Kg7 28.h4 h6 29.Qe2 Qd6
30.a3 a5 31.Kg2 h5 32.Qe1 a4 33.Qa5 e5 34.dxe5 Bxe5 35.Qxa4 Bxb2 36.Qa7+ Kg8
37.Ng5 Qf6 38.Qb8+ Kg7 39.a4 Bd4 40.Qc7+ Kg8 41.Qc8+ Kg7 42.Qd7+ Kg8 43.Qe8+ Kg7
44.Qd7+ Kg8 45.Nf3 Bc5 46.a5 Qb2 47.Qe8+ Kg7 48.Qe5+ Qxe5 49.Nxe5 d4 50.Kf1 Ba7
51.Nxc6 Bc5 52.a6 d3 53.a7 d2 54.Ke2  1-0

[Event "XV Sant Marti Open A"]
[Site "Barcelona ESP"]
[Date "2013.07.18"]
[Round "6.12"]
[White "Munoz Pantoja,M"]
[Black "Pulvett,D"]
[Result "1-0"]
[WhiteElo "2457"]
[BlackElo "2405"]

1.e4 c5 2.Nf3 d6 3.Bb5+ Nc6 4.O-O Bd7 5.d4 cxd4 6.Nxd4 Nf6 7.Re1 Qb6 8.Bxc6 bxc6
9.c4 g6 10.e5 dxe5 11.Rxe5 Ng4 12.Re2 Bg7 13.Nf3 Rd8 14.Qe1 O-O 15.h3 Nh6
16.Rxe7 Nf5 17.Re2 Rfe8 18.Nc3 Qc5 19.Bg5 Rxe2 20.Qxe2 Re8 21.Qd2 Be6 22.b3 Qa5
23.Rc1 h6 24.Ne4 Qxd2 25.Bxd2 Bc8 26.Re1 Rd8 27.Ba5 Rf8 28.Bb4 Rd8 29.Bc5 a5
30.Bb6 Rd3 31.Nc5 Rxf3 32.Re8+  1-0

[Event "113th ch-SUI 2013"]
[Site "Graechen SUI"]
[Date "2013.07.18"]
[Round "8.6"]
[White "Friedrich,N"]
[Black "Buss,Ra"]
[Result "0-1"]
[WhiteElo "2305"]
[BlackElo "2395"]

1.e4 c5 2.Nf3 d6 3.Bb5+ Bd7 4.Bxd7+ Qxd7 5.O-O Nf6 6.Re1 Nc6 7.c3 e6 8.d4 cxd4
9.cxd4 d5 10.e5 Ne4 11.Nbd2 Nxd2 12.Bxd2 Be7 13.Rc1 O-O 14.Rc3 Bd8 15.a3 Rc8
16.Rd3 Ba5 17.b4 Bb6 18.b5 Ne7 19.Bb4 Rfe8 20.Ng5 h6 21.Qh5 Nf5 22.Nf3 Qxb5
23.Rdd1 Rc4 24.g4 Nxd4 25.Rxd4 Bxd4 26.g5 g6 27.Qxh6 Bc3 28.Bxc3 Rxc3 29.Nh4 Qd3  0-1

[Event "Czech Open G1 Rapid 2013"]
[Site "Pardubice CZE"]
[Date "2013.07.18"]
[Round "8.55"]
[White "Chernyshova,N"]
[Black "Blecha,Mir"]
[Result "0-1"]
[WhiteElo "2109"]
[BlackElo "2222"]

1.e4 c5 2.Nf3 d6 3.Bb5+ Bd7 4.a4 Nf6 5.e5 dxe5 6.Nxe5 Bxb5 7.axb5 Nbd7 8.Nf3 e6
9.c3 Qb6 10.Qe2 Be7 11.Na3 O-O 12.O-O Nd5 13.d4 Bf6 14.c4 Nb4 15.dxc5 Nxc5
16.Be3 Qc7 17.Bd4 Bxd4 18.Nxd4 Nbd3 19.Rfd1 Rfd8 20.Nf3 Rd7 21.g3 Rad8 22.Ne1 h6
23.Kf1 b6 24.Nxd3 Nxd3 25.Rd2 Qb7 26.f3 Nc5 27.Rxd7 Qxd7 28.Nc2 Nb3 29.Re1 Qd6
30.Ne3 Qc5 31.Rd1 Rxd1+ 32.Nxd1 Qxc4 33.Qxc4 Nd2+ 34.Ke2 Nxc4 35.Kd3 Nd6
36.Nc3 Kf8 37.Kd4 Ke7 38.f4 f6 39.g4 g6 40.h4 h5 41.f5 hxg4 42.fxg6 g3 43.Ke3 Nf5+
44.Kf3 Nxh4+ 45.Kxg3 Nxg6  0-1

[Event "XV Sant Marti Open A"]
[Site "Barcelona ESP"]
[Date "2013.07.19"]
[Round "7.42"]
[White "Castillo Escario,Y"]
[Black "Posada,J"]
[Result "1/2-1/2"]
[WhiteElo "1997"]
[BlackElo "2099"]

1.e4 c5 2.Nf3 d6 3.Bb5+ Nd7 4.d4 Nf6 5.Nc3 cxd4 6.Qxd4 g6 7.e5 dxe5 8.Nxe5 Bg7
9.Nxd7 Bxd7 10.Bxd7+ Qxd7 11.Qxd7+ Nxd7 12.Bd2 Nb6 13.O-O-O Nc4 14.Be1 Rc8
15.Rd3 Rc7 16.Nd1 O-O 17.Bc3 Ne5 18.Rd5 Rfc8 19.Re1 Nc4 20.Bxg7 Kxg7 21.c3 a6
22.Ne3 Nd6 23.Re5 e6 24.Rd1 Rc6 25.Nc2 b5 26.Re2 a5 27.a3 Nc4 28.Rd3 Nb6
29.Nd4 Rc5 30.Nb3 Rg5 31.f3 b4 32.axb4 axb4 33.Rc2 bxc3 34.bxc3 Nd5 35.g3 Re5
36.f4 Re1+ 37.Kb2 Ne3 38.Rc1 Nc4+ 39.Kc2 Re2+ 40.Nd2 Rxh2 41.Rd1 Rb8 42.Kc1 Na3
43.Re1 Rc8 44.Re4 Nb5 45.c4 Kf6 46.Kb2 Nc7 47.Re5 Na6 48.Kc3 Rg2 49.Ne4+ Ke7
50.Ra5 Rc6 51.Rb5 Ra2 52.Kd4 f5 53.Rb7+ Nc7 54.Nc3 Ra8 55.Nb5 Rc8 56.c5 Kf6
57.Nd6 Ra8 58.Rb6 Ra4+ 59.Nc4 Ra6 60.Rxc6 Rxc6 61.Ne5 Ra6 62.c6 g5 63.Rb3 gxf4
64.gxf4 Ra4+ 65.Kc5 Rxf4 66.Nd7+ Ke7 67.Rb7 Kd8 68.Rb8+ Ke7 69.Rb7 Kd8  1/2-1/2

[Event "50th Canadian Open 2013"]
[Site "Ottawa CAN"]
[Date "2013.07.19"]
[Round "8"]
[White "Hansen,Eric"]
[Black "Samsonkin,A"]
[Result "1-0"]
[WhiteElo "2581"]
[BlackElo "2407"]

1.e4 c5 2.Nf3 d6 3.Bb5+ Bd7 4.Bxd7+ Qxd7 5.c4 g6 6.d4 cxd4 7.Nxd4 Bg7 8.Nc3 Nf6
9.f3 O-O 10.Be3 Nc6 11.O-O a6 12.a4 Rac8 13.b3 Qd8 14.Kh1 Nd7 15.Nde2 Nc5
16.Rb1 a5 17.Qd2 Nb4 18.Nf4 Re8 19.Rfd1 Qb6 20.Nb5 Rcd8 21.Qf2 Qc6 22.Nd5 Nxd5
23.cxd5 Qc8 24.Qe1 b6 25.Rbc1 Qb8 26.Rb1 Rc8 27.Qf1 Qb7 28.Na3 Rf8 29.Bg1 f5
30.exf5 Rxf5 31.Nc4 Ra8 32.Qe1 Rc8 33.b4 axb4 34.Rxb4 Qa7 35.Nxb6 Rb8 36.Bxc5 dxc5
37.Nc8 Rxc8 38.Qe6+ Kh8 39.Qxc8+ Rf8 40.Qb7 Qa5 41.Rc4 Bd4 42.Qxe7 Qa8 43.Rcxd4 cxd4
44.Qe5+ Kg8 45.Qxd4  1-0

[Event "6th Paleochora Open"]
[Site "Paleochora GRE"]
[Date "2013.07.19"]
[Round "1.10"]
[White "Demiris,G"]
[Black "Colovic,A"]
[Result "0-1"]
[WhiteElo "1611"]
[BlackElo "2502"]

1.e4 c5 2.Nf3 d6 3.Bb5+ Nd7 4.Nc3 a6 5.Be2 Ngf6 6.d3 g6 7.Bd2 Bg7 8.Qc1 O-O
9.Bh6 e5 10.Bxg7 Kxg7 11.h3 Re8 12.Nh2 Nb6 13.Ng4 Ng8 14.Qe3 f5 15.exf5 gxf5
16.Nh2 Nf6 17.Qg5+ Kh8 18.O-O-O Be6 19.g4 Rg8 20.Qh6 Rg6 21.Qh4 Nfd5 22.Qxd8+ Rxd8
23.gxf5 Nxc3 24.bxc3 Bxf5 25.Ng4 Nd5 26.Kd2 Nf4 27.f3 h5 28.c4 Be6 29.Nf2 Rg2
30.Ke1 Rdg8 31.Bf1 R2g3 32.Ne4 Rxf3 33.Nxd6 Nxh3 34.Ne4 Bg4 35.Rb1 Ng5 36.Nf2 Kg7
37.Rxb7+ Kg6 38.Rb6+ Kf5 39.Rxa6 Rb8 40.Nxg4 hxg4 41.Be2 Rb1+ 42.Bd1 g3 43.Kd2 g2
44.Rg1 Rxd1+ 45.Ke2 Rxg1  0-1

[Event "Czech Open A 2013"]
[Site "Pardubice CZE"]
[Date "2013.07.19"]
[Round "1.29"]
[White "Stanetzek,C"]
[Black "Gretarsson,Hj"]
[Result "1/2-1/2"]
[WhiteElo "2274"]
[BlackElo "2511"]

1.e4 c5 2.Nf3 d6 3.Bb5+ Bd7 4.Bxd7+ Qxd7 5.d4 cxd4 6.Qxd4 Nc6 7.Qd3 g6 8.O-O Bg7
9.Nc3 Nf6 10.h3 O-O 11.Rd1 Rfd8 12.Nd5 Ne8 13.c4 Rac8 14.Rb1 e6 15.Ne3 Nf6
16.a3 Qc7 17.b3 Ne5 18.Nxe5 dxe5 19.Qc2 Bh6 20.Rxd8+ Rxd8 21.Ng4 Nxg4 22.hxg4 Bxc1
23.Rxc1 Rd4 24.b4 a5 25.b5 Qc5 26.a4 b6 27.Kh2 Kg7 28.f3 Rd8 29.Rd1 Rc8 30.Qc3 g5
31.Rd7 Kg6 32.Qb2 Rh8 33.Qd2 h5 34.Rd8 Rxd8 35.gxh5+ Kxh5 36.Qxd8 Kg6 37.Qb8 Kg7
38.Kg3 Kf6 39.Qd8+ Kg6 40.Qg8+ Kf6 41.Qd8+ Kg6  1/2-1/2

[Event "Czech Open A 2013"]
[Site "Pardubice CZE"]
[Date "2013.07.19"]
[Round "1.91"]
[White "Nasshan,D"]
[Black "Nemcova,Kat"]
[Result "1/2-1/2"]
[WhiteElo "2155"]
[BlackElo "2382"]

1.e4 c5 2.Nf3 d6 3.Bb5+ Nd7 4.O-O Nf6 5.Re1 a6 6.Bf1 g6 7.c3 Bg7 8.h3 Ne5
9.d3 O-O 10.Be3 b6 11.Nbd2 Bb7 12.a4 Qc7 13.Qb1 Ned7 14.d4 e5 15.d5 Nh5 16.Nh2 f5
17.f3 Rf7 18.b4 Kh8 19.a5 b5 20.c4 bxc4 21.Nxc4 Rb8 22.Nb6 Ng3 23.Bd3 fxe4
24.fxe4 Nxb6 25.axb6 Qxb6 26.bxc5 Qd8 27.Qb6 dxc5 28.Qxd8+ Rxd8 29.Bf2 Nh5
30.Bxa6 Bxa6 31.Rxa6 Nf4 32.Be3 Nd3 33.Rf1 Rc7 34.Ra3 Nf4 35.Re1 c4 36.Bb6 Rcd7
37.Bxd8 Rxd8 38.Rc3 Rc8 39.Ng4 Bf8 40.Rc2 Bc5+ 41.Kh2 Bd4 42.Rf1 h5 43.Nf2 h4
44.Ng4 c3 45.g3 hxg3+ 46.Kxg3 Rf8 47.Rb1 Nd3 48.Re2 Nf4 49.Rc2 Nd3 50.Re2 Nf4
51.Rc2  1/2-1/2

[Event "28th Avoine Open"]
[Site "Avoine FRA"]
[Date "2013.07.20"]
[Round "1.40"]
[White "Krauss,M"]
[Black "Salles,L"]
[Result "0-1"]
[WhiteElo "1996"]
[BlackElo "2176"]

1.e4 c5 2.Nf3 d6 3.Bb5+ Nd7 4.O-O Nf6 5.Nc3 a6 6.Bxd7+ Bxd7 7.e5 dxe5 8.Nxe5 Be6
9.d3 g6 10.Ne4 Nxe4 11.dxe4 Bg7 12.Bf4 Qb6 13.Qe2 h5 14.h4 O-O 15.c4 Rfd8
16.Rad1 Bf6 17.Bg3 Qb4 18.b3 Qc3 19.Nd3 Bd4 20.Kh2 Qa5 21.Nf4 Qb6 22.Nd5 Bxd5
23.exd5 Qf6 24.Rd3 Rd7 25.Rf3 Qg7 26.Bf4 Re8 27.Qd2 e5 28.Bh6 Qh7 29.Rg3 f5
30.Bg5 Qf7 31.Qc2 Kh7 32.Rd3 f4 33.Re1 b5 34.Rdd1 Rb8 35.Rb1 Rb6 36.f3 Rdb7
37.Bd8 Rd6 38.Bg5 Rb8 39.a4 Rdb6 40.axb5 axb5 41.Qe4 Qd7 42.g3 bxc4 43.bxc4 Bf2
44.gxf4 Bxe1 45.Rxe1 Rb2+ 46.Kg3 exf4+ 47.Qxf4 Re8 48.Rxe8 Qxe8 49.Qc7+ Kg8
50.Qxc5 Qe5+ 51.Bf4 Qe1+  0-1

[Event "Czech Open A 2013"]
[Site "Pardubice CZE"]
[Date "2013.07.20"]
[Round "2.24"]
[White "Suran,J"]
[Black "Debashis,D"]
[Result "1/2-1/2"]
[WhiteElo "2362"]
[BlackElo "2478"]

1.e4 c5 2.Nf3 d6 3.Bb5+ Nc6 4.O-O Bd7 5.Re1 a6 6.Bxc6 Bxc6 7.d4 cxd4 8.Nxd4 Bd7
9.Nc3 e6 10.Qd3 Be7 11.Nf3 Bc6 12.Bf4 e5 13.Be3 Nf6 14.Bg5 Nh5 15.Bxe7 Qxe7
16.Rad1 Rd8 17.Nd5 Bxd5 18.Qxd5 O-O 19.g3 Nf6 20.Qb3 Rc8 21.Nh4 g6 22.Ng2 Rc5
23.c3 b5 24.Ne3 Qb7 25.f3 Qb6 26.Kg2 Rfc8 27.Rd3 a5 28.Red1 R5c6 29.a3 Kg7
30.R1d2 R8c7 31.Nd5 Nxd5 32.Rxd5 Rb7 33.a4 b4 34.cxb4 Rc1 35.Rf2 axb4 36.Rb5 Qc6
37.Qxb4 Rxb5 38.Qxb5 Qxb5 39.axb5 Rc4 40.Rd2 Rb4 41.Rxd6  1/2-1/2

[Event "XV Sant Marti Open A"]
[Site "Barcelona ESP"]
[Date "2013.07.21"]
[Round "9.6"]
[White "Munoz Pantoja,M"]
[Black "Ortiz Suarez,I"]
[Result "0-1"]
[WhiteElo "2457"]
[BlackElo "2612"]

1.e4 c5 2.Nf3 d6 3.Bb5+ Nd7 4.O-O a6 5.Bxd7+ Bxd7 6.d4 cxd4 7.Nxd4 Nf6 8.f3 g6
9.Be3 Bg7 10.c4 b5 11.cxb5 axb5 12.Qd2 O-O 13.Nc3 Qa5 14.Nb3 Qa6 15.a3 Be6
16.Nd5 Bxd5 17.exd5 Qa4 18.Qd3 Qc4 19.Rfd1 Rfc8 20.Rac1 Qxd3 21.Rxd3 Rc4
22.Rd2 Nd7 23.Re1 b4 24.axb4 Rxb4 25.Nd4 Ne5 26.b3 Bf6 27.h3 Kg7 28.Bf2 Kf8
29.Re4 Rb7 30.f4 Nd7 31.b4 Bxd4 32.Rdxd4 Ra1+ 33.Kh2 Nf6 34.Re2 Rb5 35.Red2 Rb1
36.Bh4 Ng8 37.Rc4 R1xb4 38.Rc8+ Kg7 39.Rxg8+ Kxg8 40.Bxe7 Rxf4 41.Bxd6 Rf5
42.Rc2 Rbxd5 43.Rc8+ Kg7 44.Bf8+ Kf6 45.Rc6+ Ke5 46.Bg7+ Ke4 47.Rc4+ Kd3
48.Rc3+ Ke2 49.Bh6 g5 50.Rc7 Rd6 51.Bf8 Rd2 52.Bb4 Rb2 53.Be7 Kd1 54.Ra7 h5
55.Ra4 Re2 56.Bd8 Kc2 57.Kg3 Kb3 58.Ra8 Re3+ 59.Kh2 Re8 60.Rb8+ Kc4 61.Rc8+ Kb5
62.Rb8+ Kc6 63.Rb6+ Kd7 64.Bf6 Re6  0-1

[Event "15th TCh-Eur Senior"]
[Site "Dresden GER"]
[Date "2013.07.21"]
[Round "2"]
[White "Wuttke,H"]
[Black "Dydyshko,V"]
[Result "0-1"]
[WhiteElo "2171"]
[BlackElo "2512"]

1.e4 c5 2.Nf3 d6 3.Bb5+ Nd7 4.d4 cxd4 5.Qxd4 a6 6.Bc4 e6 7.O-O Ngf6 8.a4 b6
9.Nc3 Be7 10.Re1 O-O 11.Bg5 Qc7 12.Bf1 Bb7 13.Qd2 Rfd8 14.Nd4 h6 15.Bf4 Nc5
16.e5 Nfe4 17.Nxe4 Nxe4 18.Rxe4 Bxe4 19.Qe1 Bb7 20.c3 dxe5 21.Bxe5 Bd6 22.Bxd6 Rxd6
23.Qe3 Qc5 24.Re1 Rad8 25.f4 Rd5 26.h3 Kh8 27.Kh2 Re8 28.Qg3 Qc7 29.Nf3 Red8
30.Ne5 Kg8 31.Ng4 Kf8 32.Ne5 Rd1 33.f5 Qd6 34.Rxd1 Qxd1 35.Qf4 Qd2 36.Qb4+ Qd6
37.fxe6 Qxb4 38.cxb4 fxe6 39.Nc4 Rd4 40.b3 Bd5 41.Kg1 Ke7 42.Nxb6 Rxb4 43.a5 Rxb3
44.Bxa6 Ra3  0-1

[Event "Maccabiah GM1 2013"]
[Site "Jerusalem ISR"]
[Date "2013.07.21"]
[Round "1.1"]
[White "Diamant,A"]
[Black "Gruenfeld,Y"]
[Result "1/2-1/2"]
[WhiteElo "2469"]
[BlackElo "2442"]

1.e4 c5 2.Nf3 d6 3.Bb5+ Bd7 4.Bxd7+ Qxd7 5.c4 Nc6 6.d4 cxd4 7.Nxd4 g6 8.Nc3 Bg7
9.Be3 Nf6 10.f3 O-O 11.O-O Rfc8 12.b3 Qd8 13.Qd2 a6 14.a4 e6 15.Nde2 Ne8
16.Rfd1 Qa5 17.Rab1 h5 18.Na2 Qc7 19.Rbc1 Rab8 20.Nb4 Kh7 21.Nxc6 bxc6 22.b4 Qb7
23.Rb1 Rd8 24.Nf4 Nc7 25.Qe2 d5 26.exd5 cxd5 27.cxd5 Nxd5 28.Nxd5 Rxd5 29.Rxd5 exd5
30.Qd3 d4 31.Bd2 Qc6 32.b5 axb5 33.Rxb5 Rc8 34.Rxh5+ Kg8 35.Rb5 Qc2 36.Qxc2 Rxc2
37.Bf4 Rc4 38.a5 d3 39.g3 Bd4+ 40.Kf1 Ra4 41.Rd5 f6 42.h4 Kf7 43.a6 Ke6 44.Rd6+ Ke7
45.a7 Be3 46.Rxd3 Bxf4 47.gxf4 Rxa7 48.Kg2 f5 49.Kg3 Ra8 50.h5 gxh5 51.Kh4 Rg8
52.Kxh5 Kf6 53.Rd6+ Kf7 54.Rd5 Kf6 55.Rd6+ Kf7 56.Rd5  1/2-1/2

[Event "Open Desko Liberec 2013"]
[Site "Liberec CZE"]
[Date "2013.07.21"]
[Round "3.2"]
[White "Vltavsky,V"]
[Black "Sabol,M"]
[Result "1/2-1/2"]
[WhiteElo "2221"]
[BlackElo "2332"]

1.e4 c5 2.Nf3 d6 3.Bb5+ Bd7 4.Bxd7+ Qxd7 5.O-O Nc6 6.c4 g6 7.d3 Bg7 8.Nc3 Nf6
9.Bg5 h6 10.Bd2 O-O 11.Ne1 Kh7 12.f4 Ng4 13.Nf3 f5 14.h3 Nf6 15.Qe2 e6 16.Kh2 Nh5
17.g3 Rae8 18.Qg2 Nb4 19.Qe2 Nc2 20.Rad1 Nd4 21.Qg2 a6 22.b3 Nc6 23.Ne2 e5
24.exf5 gxf5 25.Nh4 e4 26.dxe4 Rxe4 27.Rde1 Rfe8 28.Nc3 Bxc3 29.Bxc3 Nd4
30.Rxe4 Rxe4 31.Re1 Qe6 32.Rxe4 Qxe4 33.Qxe4 fxe4 34.Bd2 Ne2 35.Nf5 Nd4 36.Nh4 Ne2
37.Nf5 Nd4  1/2-1/2

[Event "Minsk Open 2013"]
[Site "Minsk BLR"]
[Date "2013.07.21"]
[Round "9.12"]
[White "Terzi,A"]
[Black "Lutsko,I"]
[Result "0-1"]
[WhiteElo "2155"]
[BlackElo "2377"]

1.e4 c5 2.Nf3 d6 3.Bb5+ Bd7 4.Bxd7+ Nxd7 5.O-O Ngf6 6.d3 g6 7.b3 Bg7 8.Bb2 O-O
9.Nbd2 e5 10.c4 Nh5 11.Ne1 Nf4 12.g3 Ne6 13.Ng2 Nb8 14.Ne3 Nc6 15.Nd5 f5
16.f3 Qd7 17.Qe2 Bh6 18.f4 exf4 19.Nf6+ Rxf6 20.Bxf6 Ned4 21.Bxd4 Nxd4 22.Qd1 fxg3
23.hxg3 fxe4 24.Nxe4 Qh3 25.Rf3 Nxf3+ 26.Qxf3 Rf8 27.Nf6+ Rxf6 28.Qd5+ Kh8  0-1

[Event "Quebec Open Invitational 2013"]
[Site "Montreal CAN"]
[Date "2013.07.21"]
[Round "1.21"]
[White "Ostrovskiy,Al"]
[Black "Van Heirzeele,D"]
[Result "1-0"]
[WhiteElo "2403"]
[BlackElo "2116"]

1.e4 c5 2.Nf3 d6 3.Bb5+ Bd7 4.Bxd7+ Qxd7 5.O-O Nf6 6.Qe2 Nc6 7.Rd1 g6 8.c3 Bg7
9.d4 cxd4 10.cxd4 d5 11.e5 Ne4 12.Ne1 h6 13.Nc3 Nxc3 14.bxc3 O-O 15.Nd3 e6
16.Nf4 Kh7 17.Rd3 Rh8 18.h4 h5 19.g4 hxg4 20.Qxg4 Ne7 21.h5 gxh5 22.Nxh5 Ng6
23.Rh3 Kg8 24.Bg5  1-0

[Event "6th Paleochora Open"]
[Site "Paleochora GRE"]
[Date "2013.07.22"]
[Round "5.26"]
[White "Markidis,K"]
[Black "Stamos,F"]
[Result "1-0"]
[WhiteElo "2376"]
[BlackElo "2060"]

1.e4 c5 2.Nf3 d6 3.Bb5+ Nd7 4.O-O a6 5.Bd3 Ngf6 6.c3 e5 7.Bc2 Be7 8.d4 O-O
9.a4 b6 10.Qe2 Bb7 11.d5 b5 12.h3 c4 13.Be3 Qb8 14.Nbd2 Rc8 15.Nh2 Nc5 16.f4 exf4
17.Bxf4 Re8 18.Ng4 Bc8 19.Nxf6+ Bxf6 20.axb5 axb5 21.Rxa8 Qxa8 22.Bxd6 Qxd5
23.exd5 Rxe2 24.Bxc5 Rxd2 25.Re1 Bd7 26.Ra1 Re2 27.Bf5 Be8 28.Ra8 g6 29.Bd7  1-0

[Event "Czech Open A 2013"]
[Site "Pardubice CZE"]
[Date "2013.07.22"]
[Round "4.70"]
[White "Gallien,F"]
[Black "Seyb,A"]
[Result "1/2-1/2"]
[WhiteElo "2213"]
[BlackElo "2380"]

1.e4 c5 2.Nf3 d6 3.Bb5+ Nd7 4.d4 Nf6 5.O-O cxd4 6.Qxd4 g6 7.e5 dxe5 8.Nxe5 Bg7
9.Nc3 O-O 10.Nxd7 Bxd7 11.Bxd7 Qxd7 12.Qb4 Rfd8 13.Re1 a5 14.Qh4 b5 15.Bh6 Bxh6
16.Qxh6 b4 17.Nd1 Rac8 18.c3 Nd5 19.Qg5 f6 20.Qg3 bxc3 21.bxc3 e5 22.Ne3 Nxc3
23.Ng4 Kg7 24.h3 h5 25.Nxe5 fxe5 26.Qxe5+ Kh7 27.Qxa5 Rf8 28.Qg5 Rf7 29.a4 Rcf8
30.a5 Qd4 31.Qe3 Qg7 32.Rac1 Nd5 33.Qe4 Nf4 34.Rc2 Ra7 35.Ra2 Qc7 36.Rea1 Rf6
37.Rc2 Qb7 38.Qxb7+ Rxb7 39.a6 Ra7 40.Rca2 Nd5 41.Ra4 Nc7 42.Rc4 Kh6  1/2-1/2

[Event "21st Saint-Affrique Open"]
[Site "Saint Affrique FRA"]
[Date "2013.07.22"]
[Round "3.1"]
[White "Degraeve,JM"]
[Black "Sanchez,N"]
[Result "1-0"]
[WhiteElo "2574"]
[BlackElo "2164"]

1.e4 c5 2.Nf3 d6 3.Bb5+ Bd7 4.Bxd7+ Qxd7 5.O-O Nf6 6.e5 dxe5 7.Nxe5 Qc8 8.Qf3 g6
9.Nc3 Bg7 10.Re1 O-O 11.d3 e6 12.Bf4 Nfd7 13.Nc4 Nc6 14.Ne4 Nd4 15.Qd1 e5
16.Bd2 Qc6 17.c3 Ne6 18.a4 Rad8 19.Qf3 f6 20.Na5 Qc7 21.Nxb7  1-0

[Event "39th Sitges Open"]
[Site "Sitges ESP"]
[Date "2013.07.22"]
[Round "1.2"]
[White "Fernandez Fuentes,F"]
[Black "Grigoryan,K2"]
[Result "0-1"]
[WhiteElo "2124"]
[BlackElo "2550"]

1.e4 c5 2.Nf3 d6 3.Bb5+ Nc6 4.Bxc6+ bxc6 5.O-O e6 6.d3 Ne7 7.b3 Ng6 8.Bb2 f6
9.c3 Be7 10.d4 d5 11.e5 cxd4 12.cxd4 fxe5 13.Nxe5 Nxe5 14.dxe5 O-O 15.f4 c5
16.Nc3 Bb7 17.Qg4 Rf5 18.Ne2 Ba6 19.Rf2 Bh4 20.Ng3 Bxg3 21.hxg3 Rc8 22.Qd1 Rf7
23.Rc1 Bb5 24.Rfc2 c4 25.Qd4 Qf8 26.Bc3 cxb3 27.axb3 Qe8 28.Bb4 Rxc2 29.Rxc2 h6
30.Qc5 Rb7 31.Qc8 Rb8 32.Qxe8+ Bxe8 33.Bc5 Rxb3 34.Bxa7 Bh5 35.Kf2 Bg4 36.Rd2 Kf7
37.Bc5 h5 38.Ra2 Rc3 39.Ra7+ Kg6 40.Bf8 Kf5 41.Ra4 Rc2+ 42.Kg1 Be2 43.Be7 Bd3
44.Bh4 Be4 45.Ra7 Rxg2+ 46.Kf1 Kg4 47.Ra4 Rb2 48.Ke1 g6 49.Kf1 Bd3+ 50.Kg1 Kh3  0-1

[Event "DSK GM Open 2013"]
[Site "Cape Town RSA"]
[Date "2013.07.23"]
[Round "4.6"]
[White "Van den Heever,D"]
[Black "Emojong,Elijah"]
[Result "1/2-1/2"]
[WhiteElo "2280"]
[BlackElo "2311"]

1.e4 c5 2.Nf3 d6 3.Bb5+ Nc6 4.O-O Bd7 5.Re1 a6 6.Bf1 Bg4 7.h3 Bh5 8.g4 Bg6
9.d4 cxd4 10.Nxd4 Nxd4 11.Qxd4 e5 12.Qd3 h5 13.g5 Be7 14.h4 f6 15.Qh3 fxg5
16.hxg5 Bf7 17.Qh4 Rh6 18.Bg2 Rg6 19.Qxh5 Bxg5 20.Bxg5 Rxg5 21.Qh3 Nf6 22.Nd2 Nh5
23.Nf1 Qb6 24.Qe3 Qxe3 25.Rxe3 Rc8 26.c3 Be6 27.Ng3 Nf4 28.b3 Ke7 29.Rd1 b5
30.Bf1 Rg6 31.Ra1 Rb8 32.b4 Bc4 33.a4 Ke6 34.axb5 axb5 35.Ra7 Rf8 36.Rf3 Be2
37.Bxe2 Nxe2+ 38.Kg2 Rxf3 39.Kxf3 Nxc3 40.Rc7 Rf6+ 41.Kg2 Nd1 42.Nf5 Rg6+
43.Kf3 Nb2  1/2-1/2

[Event "15th TCh-Eur Senior"]
[Site "Dresden GER"]
[Date "2013.07.23"]
[Round "4"]
[White "Kirmas,J"]
[Black "Meier,Wo1"]
[Result "1/2-1/2"]
[WhiteElo "2050"]
[BlackElo "2188"]

1.e4 c5 2.Nf3 d6 3.Bb5+ Bd7 4.Bxd7+ Qxd7 5.c4 g6 6.Nc3 Bg7 7.O-O Nc6 8.Re1 e6
9.d3 Nge7 10.Bf4 O-O 11.Rb1 Nd4  1/2-1/2